| 000 | 00752nam a2200253 a 4500 | ||
|---|---|---|---|
| 001 | BRL_1539 | ||
| 005 | 20190320211243.0 | ||
| 008 | 240214s1976----mx-aob####---#000-0#eng-# | ||
| 041 | _aeng | ||
| 044 | _amx | ||
| 050 | 4 |
_aF1435 _b.S63 1976 |
|
| 100 | 1 |
_aSodi Morales, Demetrio _922645 |
|
| 245 | 1 | 0 |
_aThe maya world _cby Demetrio Sodi morales ; drawings by Alberto Beltrán. |
| 260 |
_aMéxico _bMinutiae Mexicana _c1976 |
||
| 300 |
_a144 p. _bil., mapas _c17 cm. |
||
| 440 | 0 |
_aMinutiae Mexicana Series _927209 |
|
| 500 | _aAu1708 | ||
| 500 | _aIncluye dedicatoria a Ruth Lechuga | ||
| 505 | 0 | _aBibliografía: p. 142-144 | |
| 650 | 1 | 4 |
_aMayas _xAntigüedades _99555 |
| 700 | 1 |
_aBeltrán, Alberto _eil. _99572 |
|
| 902 | _aGRL | ||
| 942 |
_2lcc _cB |
||
| 999 |
_c10348 _d10348 |
||